Introduction to Materials Science for Engineers 8th (Record no. 565740)
[ view plain ]
| 000 -LEADER | |
|---|---|
| fixed length control field | 00412nam a2200133Ia 4500 |
| 008 - FIXED-LENGTH DATA ELEMENTS--GENERAL INFORMATION | |
| fixed length control field | 210430s9999 xx 000 0 und d |
| 020 ## - INTERNATIONAL STANDARD BOOK NUMBER | |
| International Standard Book Number | 9780273793403 |
| 082 ## - DEWEY DECIMAL CLASSIFICATION NUMBER | |
| Classification number | 620.11 S5241I |
| 100 ## - MAIN ENTRY--PERSONAL NAME | |
| Personal name | Shackelford, James F. |
| 9 (RLIN) | 40721 |
| 245 ## - TITLE STATEMENT | |
| Title | Introduction to Materials Science for Engineers 8th |
| Statement of responsibility, etc. | Shackelford, James F. |
| 260 ## - PUBLICATION, DISTRIBUTION, ETC. | |
| Place of publication, distribution, etc. | England. |
| Name of publisher, distributor, etc. | Pearson Education Limited. |
| Date of publication, distribution, etc. | 2016 |
| 300 ## - PHYSICAL DESCRIPTION | |
| Extent | 617p. |
| 942 ## - ADDED ENTRY ELEMENTS (KOHA) | |
| Koha item type | Reference |
| Source of classification or shelving scheme | |
| Withdrawn status | Lost status | Damaged status | Not for loan | Permanent Location | Current Location | Shelving location | Date acquired | Total Checkouts | Total Renewals | Full call number | Barcode | Date last seen | Date last checked out | Price effective from | Koha item type |
|---|---|---|---|---|---|---|---|---|---|---|---|---|---|---|---|
| School of Chemical & Materials Engineering (SCME) | School of Chemical & Materials Engineering (SCME) | Reference | 1 | 1 | 620.11 S5241I | SCME-4689 | 12/13/2021 | 05/04/2021 | 04/30/2021 | Reference |
